000 00519pab a2200193 454500
008 180718b2011 xxu||||| |||| 00| 0 eng d
100 _aSriraman, Tarangini
245 _aRevisiting welfare: Ration card narratives in India
260 _c2011
300 _ap.52-59.
362 _a17 Sep
650 _aConsumer - India
650 _aRationing
650 _aPublic distribution system - India
650 _aPublic distribution system
773 _aEconomic and Political Weekly
908 _aN
909 _a93147
999 _c93147
_d93147